Panchayats at a glance (Record no. 488348)

000 -LEADER
fixed length control field 00336cam a22001097a 4500
008 - FIXED-LENGTH DATA ELEMENTS--GENERAL INFORMATION
fixed length control field 180718b1958 xxu||||| |||| 00| 0 eng d
082 ## - DEWEY DECIMAL CLASSIFICATION NUMBER
Classification number B711x5413
245 ## - TITLE STATEMENT
Title Panchayats at a glance
Statement of responsibility, etc. by Gram Panchayat Department, Bihar
260 ## - PUBLICATION, DISTRIBUTION, ETC.
Place of publication, distribution, etc. Patna
Name of publisher, distributor, etc. Gram Panchayat Department
Date of publication, distribution, etc. 1958
300 ## - PHYSICAL DESCRIPTION
Extent 21p.
700 ## - ADDED ENTRY--PERSONAL NAME
Personal name Bihar. Gram Panchayat Department
Holdings
Withdrawn status Lost status Damaged status Not for loan Permanent Location Current Location Date acquired Full call number Barcode Date last seen Price effective from Koha item type
        Indian Institute of Public Administration Indian Institute of Public Administration 2018-08-04 B711x5413 GG33731 2018-08-04 2018-08-04 GG

Powered by Koha